| 000 | 00462nam a2200157Ia 4500 | ||
|---|---|---|---|
| 008 | 151213s9999 xx 000 0 und d | ||
| 100 | _aGearge T.Milkovich & John W. Boudreav | ||
| 245 |
_aPersonal Human Research Management _cGearge T.Milkovich & John W. Boudreav |
||
| 250 | _a5th | ||
| 260 |
_aDelhi _bIrwin _c2003 |
||
| 300 | _a1424 p. | ||
| 650 | _aManagement | ||
| 650 | _aManagement | ||
| 700 | _aGearge T.Milkovich & John W. Boudreav | ||
| 999 |
_c1121 _d1121 |
||